000 01405nam a2200241Ia 4500
003 Ost
005 20260416102359.0
008 260416s9999||||xx |||||||||||||| ||und||
040 _cfsecg
041 _aara
082 _a1.64
100 _aقريسي، ياسين
_eمؤلف
245 0 _a الإعلام الآلي :
_bمطبوعة موجهة لطلبة السنة الثالثة -قسم علوم مالية و محاسبة -تخصص مالية و محاسبة /
_c ياسين قريسي
260 _aالجزائر
_bجامعة الجزائر3: كلية العلوم الإقتصادية، العلوم التجارية وعلوم التسيير
_c2022
300 _a105 ورقة
_bايضاحات
_c30 سم
504 _aالمراجع
520 _aمدخل الى قواعد البيانات ، مدخل الى طريقة MERISE ، النمودج التصميمي للمعطيات Modèle conceptuel des données ، النموذج المنطقي للمعطيات Le modèle logique des données (MLD) ، قواعد البيانات باستخدام Access .
653 _aاختزان واسترجاع المعلومات
653 _aالبرمجة الآلية
653 _aقواعد البيانات
710 _aجامعة الجزائر3: كلية العلوم الإقتصادية، العلوم التجارية وعلوم التسيير
_eناشر علمي
942 _cHANDOUT
999 _c41327
_d41327